[Event "TUR-ch rapid"]
[Site "Datca"]
[Date "2011.08.20"]
[Round "3"]
[White "Oney, Riza"]
[Black "Baran, Demir"]
[Result "1-0"]
[WhiteElo "1919"]
[BlackElo "2088"]
[PlyCount "81"]
[EventDate "2011.08.19"]
[EventType "swiss (rapid)"]
[EventRounds "7"]
[EventCountry "TUR"]
[SourceTitle "CBM 144 Extra"]
[Source "ChessBase"]
[SourceDate "2011.10.28"]
[SourceVersion "1"]
[SourceVersionDate "2011.10.28"]
[SourceQuality "1"]

1. c4 c6 2. d4 d5 3. Nc3 Nf6 4. e3 e6 5. Nf3 Nbd7 6. Qc2 dxc4 7. Bxc4 Bd6 8. 0-0 0-0 9. e4 e5 10. Bg5 Qc7 11. h3 Re8 12. Bd3 h6 13. Be3 a6 14. a3 c5 15. d5 Nf8 16. Nd2 b5 17. Rfc1 Bd7 18. Bf1 Ng6 19. Ne2 Rac8 20. g3 c4 21. Bg2 Rb8 22. Nf1 Rec8 23. Qd2 b4 24. axb4 Bxb4 25. Nc3 Bxc3 26. Rxc3 Qb7 27. Rc2 Ne8 28. Qa5 Qb3 29. Rac1 Qb5 30. Qa3 a5 31. Nd2 Qb4 32. Nxc4 Bb5 33. Nxa5 Qxa3 34. bxa3 Rxc2 35. Rxc2 Ra8 36. Bd2 Nd6 37. f3 f5 38. Bb4 Ra6 39. Nc6 Nc4 40. exf5 Ne3 41. Rc5 1-0

[Event "TUR-ch rapid"]
[Site "Datca"]
[Date "2011.08.19"]
[Round "1"]
[White "Buker, Muhittin"]
[Black "Baran, Demir"]
[Result "1-0"]
[WhiteElo "2073"]
[BlackElo "2088"]
[PlyCount "49"]
[EventDate "2011.08.19"]
[EventType "swiss (rapid)"]
[EventRounds "7"]
[EventCountry "TUR"]
[SourceTitle "CBM 144 Extra"]
[Source "ChessBase"]
[SourceDate "2011.10.28"]
[SourceVersion "1"]
[SourceVersionDate "2011.10.28"]
[SourceQuality "1"]

1. d4 d5 2. c4 c6 3. Nc3 Nf6 4. Nf3 e6 5. e3 Nbd7 6. Bd3 dxc4 7. Bxc4 b5 8. Bd3 Bb7 9. a3 a5 10. 0-0 Bd6 11. e4 e5 12. d5 b4 13. dxc6 Bxc6 14. Bb5 Qc7 15. Qa4 Bxe4 16. Nxe4 Nxe4 17. axb4 Bxb4 18. Be3 Rd8 19. Rac1 Qd6 20. Rfd1 Qe7 21. Bxd7+ Kf8 22. Bf5 Nd6 23. Bb6 Rb8 24. Bc7 Ra8 25. Qc6 1-0